[Event "Challenge"]
[Site "http://www.queenalice.com/game.php?id=23029"]
[Date "2005.8.7"]
[Round "-"]
[White "Pentotal"]
[Black "iamc"]
[Result "1-0"]
[WhiteElo "2042"]
[BlackElo "2062"]

1. e4 e5 2. Nf3 Nc6 3. Nc3 Nf6 4. a3 d5 5. exd5 Nxd5 6. Bb5 Nxc3 7. bxc3 Bd6 8.
O-O O-O 9. Re1 Bg4 10. h3 Bh5 11. g4 Bg6 12. d4 exd4 13. cxd4 f6 14. Bd3 Ne7 15.
c4 c6 16. Rb1 b6 17. Nh4 Bxd3 18. Qxd3 Qd7 19. Qb3 Bc7 20. Bd2 Rfe8 21. Bb4 Ng6
22. Nf5 Nf4 23. Qf3 a5 24. Bd2 Ne6 25. d5 Nc5 26. Bc3 cxd5 27. Ne7+ Kf7 28. Nxd5
Qd6 29. Nxc7 Qxc7 30. g5 Nd7 31. Re4 Rxe4 32. Qxe4 Rc8 33. gxf6 gxf6 34. Qxh7+
Kf8 35. Qh8+ Kf7 36. Qh5+ Kf8 37. Rd1 Ne5 38. Bxe5 fxe5 39. Qf5+ Ke7 40. Rd5
Rg8+ 41. Kh2 e4+ 42. Kh1 1-0

[Event "Challenge"]
[Site "http://www.queenalice.com/game.php?id=23338"]
[Date "2005.8.9"]
[Round "-"]
[White "iamc"]
[Black "void"]
[Result "1-0"]
[WhiteElo "2027"]
[BlackElo "2055"]

1. e4 Nf6 2. Nc3 e5 3. f4 d5 4. fxe5 Nxe4 5. Nf3 Bg4 6. Qe2 Nxc3 7. dxc3 Nd7 8.
Bf4 c6 9. h3 Bxf3 10. Qxf3 f6 11. exf6 Qxf6 12. O-O-O Be7 13. Bd3 O-O 14. Rde1
Nc5 15. Qg3 Qxf4+ 16. Qxf4 Rxf4 17. Rxe7 Rf2 18. g4 Raf8 19. Rhe1 R2f3 20. R1e3
Rxe3 21. Rxe3 g6 22. Be2 Rf4 23. Re7 Re4 24. Rxe4 Nxe4 25. c4 dxc4 26. Bxc4+ Kg7
27. Bd3 Ng5 28. Bf1 h5 29. gxh5 gxh5 30. Kd2 Kf6 31. Ke3 Ke5 32. h4 Ne4 33. Bd3
Ng3 34. Bg6 Nf5+ 35. Kd3 Ng7 36. Kc4 Kf4 37. Kc5 Kg4 38. Kd6 Kxh4 39. Kc7 b6 40.
Kb7 Kg5 41. Bxh5 Kxh5 42. Kxa7 b5 43. Kb6 Nf5 44. Kxc6 Nd4+ 45. Kc5 Nxc2 46.
Kxb5 Nd4+ 47. Kb6 Nf5 48. a4 Nd6 49. a5 Nc4+ 50. Kb5 Nd6+ 51. Kc6 Nc4 52. a6
Nxb2 53. a7 Kg4 54. a8=Q Nd3 55. Qf8 Nf4 56. Kd6 Kg5 57. Qf7 Kg4 58. Qf6 Kg3 59.
Qf5 Nh3 60. Ke5 Nf2 61. Qf4+ Kg2 62. Kd4 Nd1 63. Qd2+ Kg3 64. Qxd1 Kf4 65. Qf1+
Kg5 66. Qf7 Kg4 67. Ke4 Kg3 68. Qf3+ Kh4 69. Qg2 Kh5 70. Kf5 Kh6 71. Qg6# 1-0

[Event "AUTO-OPEN-93"]
[Site "http://www.queenalice.com/game.php?id=32789"]
[Date "2005.10.12"]
[Round "2"]
[White "peondoblado"]
[Black "iamc"]
[Result "0-1"]
[WhiteElo "1764"]
[BlackElo "2079"]

1. d4 Nf6 2. c4 e6 3. Nc3 Bb4 4. Qc2 O-O 5. a3 Bxc3+ 6. Qxc3 Ne4 7. Qc2 f5 8. e3
d6 9. Bd3 Nf6 10. Nf3 Qe7 11. O-O b6 12. Re1 Bb7 13. Be2 Ne4 14. Nd2 Qh4 15. Rf1
Rf6 16. Nf3 Qh6 17. Bd3 g5 18. Nd2 Nxd2 19. Bxd2 Qh4 20. f3 Rh6 21. h3 Nd7 22.
Be1 Qh5 23. Be2 Nf6 24. Bg3 Qf7 25. c5 Nh5 26. Bh2 f4 27. exf4 gxf4 28. c6 Bc8
29. Rad1 Qg7 30. Bc4 Kh8 31. Rfe1 Rg6 32. Kh1 Qh6 33. Bd3 Rf6 34. Re4 Qg5 35.
Rde1 Ng7 36. g4 a5 37. Qd2 Ba6 38. Bxa6 Rxa6 39. Qf2 Ra8 40. h4 Qd5 41. Rxf4
Rxf4 42. Bxf4 Rf8 43. Qe3 Qxc6 44. Rc1 Qd7 45. h5 Qf7 46. Bh6 c5 47. dxc5 bxc5
48. Rd1 d5 49. f4 Qf6 50. Qxc5 Qh4+ 51. Kg2 Qxg4+ 52. Kf2 Qh4+ 53. Ke3 Nf5+ 54.
Kd3 Rg8 55. Bg5 Qxh5 56. Bf6+ Ng7 57. Rg1 Qf5+ 0-1

[Event "AUTO-OPEN-93"]
[Site "http://www.queenalice.com/game.php?id=32790"]
[Date "2005.10.12"]
[Round "2"]
[White "iamc"]
[Black "peondoblado"]
[Result "1-0"]
[WhiteElo "2045"]
[BlackElo "1858"]

1. e4 e6 2. d4 d5 3. e5 c5 4. c3 Qb6 5. Nf3 Bd7 6. Be2 Nc6 7. a3 c4 8. O-O f6 9.
exf6 Nxf6 10. Ne5 Be7 11. Nxd7 Nxd7 12. Bg4 Nd8 13. Qe2 O-O 14. Re1 Nf6 15.
Bxe6+ Kh8 16. Bh3 Nc6 17. Be3 Rae8 18. Qc2 Ne4 19. Nd2 Nxd2 20. Qxd2 Na5 21.
Rad1 Nb3 22. Qe2 Bg5 23. Qh5 Bxe3 24. fxe3 Na5 25. Rf1 Qxb2 26. Bf5 1-0

[Event "Challenge"]
[Site "http://www.queenalice.com/game.php?id=39110"]
[Date "2005.11.22"]
[Round "-"]
[White "iamc"]
[Black "ENDHER"]
[Result "1-0"]
[WhiteElo "2041"]
[BlackElo "2182"]

1. e4 e5 2. Nc3 Nf6 3. f4 d6 4. Nf3 Nc6 5. Bb5 exf4 6. d4 a6 7. Bxc6+ bxc6 8.
Bxf4 Bg4 9. h3 Bh5 10. O-O Be7 11. Qe1 O-O 12. Rd1 Rb8 13. b3 Re8 14. Qf2 Bg6
15. e5 Nd5 16. Nxd5 cxd5 17. exd6 cxd6 18. c4 dxc4 19. bxc4 Rc8 20. Rc1 Bd3 21.
Rfd1 Bxc4 22. Rc2 Qd7 23. d5 Qf5 24. Ne1 Rc5 25. Rcd2 Rxd5 26. Bxd6 Rxd2 27.
Qxf5 Rxd1 28. Qe4 Bd3 29. Qe5 f6 30. Qc3 Be4 31. Bxe7 Rxe7 32. Qb3+ Rd5 33. Nd3
Rf7 34. Nf4 Rd2 35. Qb8+ Rf8 36. Qb4 Rd1+ 37. Kh2 Bd5 38. Qa4 Rd2 39. Qa5 1-0

[Event "Challenge"]
[Site "http://www.queenalice.com/game.php?id=39850"]
[Date "2005.11.26"]
[Round "-"]
[White "ENDHER"]
[Black "iamc"]
[Result "1-0"]
[WhiteElo "2122"]
[BlackElo "2054"]

1. d4 Nf6 2. d5 e6 3. Nc3 Bb4 4. dxe6 Bxc3+ 5. bxc3 fxe6 6. Nf3 O-O 7. Bb2 d6 8.
e3 e5 9. Bc4+ Kh8 10. Nd2 c6 11. O-O d5 12. Be2 b5 13. c4 bxc4 14. Bxe5 Qe7 15.
Bf4 Na6 16. Re1 Nc5 17. Nxc4 dxc4 18. Bd6 Qf7 19. Bxc5 Re8 20. e4 Nxe4 21. Bh5
g6 22. Qd4+ Kg8 23. Rxe4 Rxe4 24. Qxe4 gxh5 25. Qe5 Qe6 26. Qg5+ Kf7 27. Rd1 Qf6
28. Qxh5+ Qg6 29. Qe5 Be6 30. Qc7+ Kf6 31. Re1 Rg8 32. Bd4+ 1-0

[Event "AUTO-ELITE-01"]
[Site "http://www.queenalice.com/game.php?id=74648"]
[Date "2006.6.6"]
[Round "2"]
[White "iamc"]
[Black "saint_bazoka"]
[Result "0-1"]
[WhiteElo "2128"]
[BlackElo "1927"]

1. e4 c6 2. d3 g6 3. f4 Bg7 4. Nf3 d5 5. Qe2 Bg4 6. h3 Bxf3 7. Qxf3 Nd7 8. c3 e5
9. exd5 cxd5 10. Be2 Ne7 11. O-O O-O 12. Be3 Nf5 13. Bf2 exf4 14. Qxd5 Ng3 15.
Bxg3 fxg3 16. d4 Qb6 17. b3 Nf6 18. Qf3 Rae8 19. Nd2 Re7 20. Bd3 Qc7 21. Bc4
Rfe8 22. Qf4 Qc6 23. Nf3 Ne4 24. Ng5 Nd6 25. Qxg3 b5 26. Bd3 Re3 27. Rf3 Qxc3
28. Rd1 Re1+ 29. Bf1 Rxd1 30. Rxc3 Bxd4+ 31. Qf2 Ree1 0-1

[Event "AUTO-ELITE-01"]
[Site "http://www.queenalice.com/game.php?id=74649"]
[Date "2006.6.6"]
[Round "2"]
[White "saint_bazoka"]
[Black "iamc"]
[Result "0-1"]
[WhiteElo "1936"]
[BlackElo "2122"]

1. e4 e5 2. f4 Bc5 3. Nf3 d6 4. c3 Nf6 5. d4 exd4 6. cxd4 Bb6 7. Nc3 O-O 8. Bc4
Re8 9. O-O Nc6 10. f5 d5 11. exd5 Ne7 12. Nh4 Nfxd5 13. Bg5 f6 14. Bxf6 gxf6 15.
Qg4+ Kh8 16. Rae1 Rg8 17. Qe4 c6 18. Rf3 Bd7 19. Nxd5 cxd5 20. Qxe7 dxc4 21.
Ng6+ Rxg6 22. fxg6 Bxd4+ 23. Kf1 Qxe7 24. Rxe7 Bb5 25. Rh3 f5 26. Rxb7 Ba6 27.
Rbxh7+ Kg8 28. Ke1 Re8+ 29. Kd1 Bg7 30. Rf3 Re6 31. Rf2 Rxg6 32. Rh5 Bc8 33. Rd2
Be6 34. Kc2 Kf7 35. Rh7 Rg4 36. Kd1 Re4 37. Kc2 Kg6 38. Rh3 Bf8 39. Rd8 Bb4 0-1

[Event "AUTO-OPEN-93"]
[Site "http://www.queenalice.com/game.php?id=76050"]
[Date "2006.6.12"]
[Round "3"]
[White "littleboo"]
[Black "iamc"]
[Result "1/2-1/2"]
[WhiteElo "2112"]
[BlackElo "2104"]

1. e4 e5 2. Nf3 Nc6 3. Nc3 Nf6 4. d4 Bb4 5. Nxe5 Nxe4 6. Qf3 Nf6 7. Be3 O-O 8.
Bd3 d5 9. Nxc6 bxc6 10. h3 Re8 11. O-O Qe7 12. Bd2 Bxc3 13. Bxc3 Be6 14. Rfe1
Qd7 15. Bd2 Reb8 16. b3 Ne8 17. Qf4 Nd6 18. Qh4 Bf5 19. Re7 Qd8 20. Bf4 Bxd3 21.
Bxd6 Qxd6 22. cxd3 Re8 23. Rae1 Rxe7 24. Rxe7 f6 25. Re1 Qd7 26. Qh5 g6 27. Qf3
Kf7 28. Qf4 a5 29. Qd2 a4 30. Qh6 Kg8 31. b4 Re8 32. Rxe8+ Qxe8 33. Qd2 Kf7
1/2-1/2

[Event "AUTO-OPEN-93"]
[Site "http://www.queenalice.com/game.php?id=76051"]
[Date "2006.6.12"]
[Round "3"]
[White "iamc"]
[Black "littleboo"]
[Result "1-0"]
[WhiteElo "2104"]
[BlackElo "2107"]

1. e4 e5 2. Nc3 Nc6 3. Bc4 Nf6 4. d3 Na5 5. Nge2 d6 6. O-O Nxc4 7. dxc4 Be7 8.
Qd3 O-O 9. h3 c6 10. Be3 Nh5 11. g4 Nf6 12. Ng3 Be6 13. Rad1 Qa5 14. Nf5 Bxf5
15. exf5 Rfe8 16. a3 e4 17. Qd2 Qa6 18. b3 h6 19. a4 Rac8 20. Rfe1 d5 21. cxd5
cxd5 22. Nxd5 Nxd5 23. Qxd5 Bb4 24. Rf1 Rxc2 25. Bd4 h5 26. Qd7 Rcc8 27. f6 Rcd8
28. Qf5 Rc8 29. Qg5 g6 30. gxh5 Qa5 31. Qxa5 Bxa5 32. hxg6 fxg6 33. Bxa7 Rc7 34.
Rd6 Bb4 35. Rd5 Kf7 36. Bb6 Rc2 37. Rd7+ Kxf6 38. Rxb7 Ke6 39. Be3 Bd6 40. Rd1
Bc7 41. Rc1 Rxc1+ 42. Bxc1 Be5 43. a5 Bd4 44. b4 Rf8 45. Be3 Bxe3 46. fxe3 Rf3
47. a6 Rf8 48. a7 Ra8 49. b5 Kd6 50. b6 Kc6 51. Rb8 Kb5 52. Rxa8 Kxb6 53. Rb8+
Kxa7 54. Rb1 1-0

[Event "AUTO-OPEN-93"]
[Site "http://www.queenalice.com/game.php?id=76052"]
[Date "2006.6.12"]
[Round "3"]
[White "franliro"]
[Black "iamc"]
[Result "0-1"]
[WhiteElo "1807"]
[BlackElo "2119"]

1. e4 e5 2. Nf3 Nc6 3. Bb5 a6 4. Ba4 Nf6 5. O-O Nxe4 6. Bxc6 dxc6 7. Nxe5 Be6 8.
d3 Nd6 9. f4 Be7 10. Nc3 O-O 11. Re1 Bf6 12. d4 Nf5 13. Be3 Nxe3 14. Rxe3 Bd5
15. Qd3 Qd6 16. Rae1 g6 17. Ng4 Bg7 18. Ne5 Rfe8 19. Nxd5 Qxd5 0-1

[Event "AUTO-OPEN-93"]
[Site "http://www.queenalice.com/game.php?id=76053"]
[Date "2006.6.12"]
[Round "3"]
[White "iamc"]
[Black "franliro"]
[Result "1-0"]
[WhiteElo "2116"]
[BlackElo "1811"]

1. e4 e5 2. Nc3 Bc5 3. f4 exf4 4. Nf3 d6 5. d4 Bb6 6. Bxf4 Ne7 7. Bc4 Bd7 8. Ng5
Qc8 9. Bxf7+ Kf8 10. Bb3 Bg4 11. Qd2 Nbc6 12. O-O Ke8 13. Be3 Nd8 14. Qf2 Kd7
15. Qg3 Be6 16. Bxe6+ Nxe6 17. Nxe6 Ng6 18. Qg4 c6 19. Rf7+ 1-0

[Event "DIEMER EL REY"]
[Site "http://www.queenalice.com/game.php?id=305816"]
[Date "2007.11.18"]
[Round "-"]
[White "Diemerlin"]
[Black "iamc"]
[Result "1-0"]
[WhiteElo "2145"]
[BlackElo "2120"]

1. e4 e5 2. Nf3 Nc6 3. Bb5 a6 4. Ba4 Nf6 5. Qe2 b5 6. Bb3 Bc5 7. d3 O-O 8. Bg5
h6 9. Bh4 g5 10. Bg3 d6 11. c3 Bg4 12. Nbd2 Nh5 13. Bd5 Qd7 14. h3 Nxg3 15. fxg3
Be6 16. d4 exd4 17. Bxc6 Qxc6 18. cxd4 Bb6 19. d5 Bxd5 20. exd5 Qc2 21. Ne4 Qa4
22. Nf6+ Kg7 23. Nh5+ Kg6 24. b3 Qb4+ 25. Kf1 Rae8 26. Qc2+ f5 27. g4 Qe4 28.
Rc1 1-0

[Event "DIEMER AÚN REY"]
[Site "http://www.queenalice.com/game.php?id=305817"]
[Date "2007.11.18"]
[Round "-"]
[White "iamc"]
[Black "Diemerlin"]
[Result "0-1"]
[WhiteElo "2109"]
[BlackElo "2162"]

1. e4 e6 2. d4 d5 3. e5 c5 4. c3 Nc6 5. Nf3 Bd7 6. a3 f6 7. Bd3 fxe5 8. Nxe5
Nxe5 9. dxe5 g6 10. O-O Bg7 11. f4 c4 12. Bc2 Ne7 13. Be3 O-O 14. Nd2 Nf5 15.
Bf2 g5 16. Bd4 Nxd4 17. cxd4 Qb6 18. Qh5 h6 19. Qg6 Rxf4 0-1

[Event "Challenge"]
[Site "http://www.queenalice.com/game.php?id=305891"]
[Date "2007.11.18"]
[Round "-"]
[White "iamc"]
[Black "HILITO"]
[Result "1-0"]
[WhiteElo "2110"]
[BlackElo "2041"]

1. e4 c5 2. Nc3 Nc6 3. g3 g6 4. Bg2 Bg7 5. d3 Nf6 6. Be3 d6 7. h3 Be6 8. Qd2 Rc8
9. Bh6 O-O 10. Bxg7 Kxg7 11. Nf3 a6 12. O-O Qd7 13. Kh2 Nd4 14. Nh4 h6 15. f4 b5
16. Nd1 Qc7 17. c3 Nc6 18. f5 Bd7 19. fxg6 fxg6 20. Ne3 Nh5 21. Nd5 Qd8 22. Rxf8
Qxf8 23. Rf1 Qd8 24. g4 Nf6 25. g5 hxg5 26. Qxg5 Qe8 27. Nxf6 exf6 28. Rxf6 Ne5
29. d4 cxd4 30. cxd4 Rc2 31. Rxd6 Rxg2+ 32. Kxg2 Bxh3+ 33. Kxh3 Kh7 34. Nf5 1-0

[Event "Challenge"]
[Site "http://www.queenalice.com/game.php?id=305940"]
[Date "2007.11.18"]
[Round "-"]
[White "iamc"]
[Black "jraimundo"]
[Result "0-1"]
[WhiteElo "2099"]
[BlackElo "2128"]

1. e4 c6 2. d3 e5 3. f4 d6 4. Nf3 Nd7 5. d4 Ngf6 6. Nc3 exd4 7. Nxd4 Nc5 8. Qf3
Nfxe4 9. Nxe4 Qe7 10. Be3 Qxe4 11. Qxe4+ Nxe4 12. O-O-O Be7 13. Bd3 d5 14. Bxe4
dxe4 15. f5 Bd7 16. g4 O-O-O 17. Nb3 h5 18. h3 b6 19. Rhg1 hxg4 20. hxg4 c5 21.
Bf4 Rh4 22. Rdf1 g5 23. Be5 e3 24. Re1 f6 25. Bc3 Rh3 26. Rg2 Re8 27. Reg1 Rh4
28. Rg3 Bd6 29. R3g2 Bc6 30. Re2 Bf3 31. Ree1 Rxg4 32. Rxg4 Bxg4 0-1

[Event "Challenge"]
[Site "http://www.queenalice.com/game.php?id=307472"]
[Date "2007.11.20"]
[Round "-"]
[White "jraimundo"]
[Black "iamc"]
[Result "1-0"]
[WhiteElo "2082"]
[BlackElo "2099"]

1. e4 e5 2. Nf3 Nc6 3. d4 exd4 4. Bc4 Nf6 5. e5 d5 6. Bb5 Nd7 7. O-O Bc5 8. c3
a6 9. Bxc6 bxc6 10. Nxd4 Bb7 11. Qg4 Bxd4 12. cxd4 Qe7 13. Qxg7 O-O-O 14. Bg5
Qf8 15. Qxf8 Rdxf8 16. Rc1 Rhg8 17. f4 f6 18. exf6 Nxf6 19. Nd2 Ne4 20. Nxe4
dxe4 21. Rc5 Rg6 22. h4 h6 23. f5 Rd6 24. Be7 Rg8 25. f6 Rg6 26. f7 1-0